GCSE intermediate maths / (Record no. 10101)
[ view plain ]
| 000 -LEADER | |
|---|---|
| fixed length control field | 01170nam a22002057a 4500 |
| 005 - ΗΜΕΡΟΜΗΝΙΑ ΚΑΙ ΩΡΑ ΤΕΛΕΥΤΑΙΑΣ ΕΝΗΜΕΡΩΣΗΣ | |
| Πεδίο ελέγχου | 20260202141317.0 |
| 006 - FIXED-LENGTH DATA ELEMENTS--ADDITIONAL MATERIAL CHARACTERISTICS | |
| Πεδίο ελέγχου σταθερού μήκους | a|||||r||||||||||| |
| 008 - FIXED-LENGTH DATA ELEMENTS--GENERAL INFORMATION | |
| Πεδίο ελέγχου σταθερού μήκους | s1999 enka || 000 ||eng d |
| 020 ## - ISBN | |
| ISBN | 0748736743 |
| 040 ## - ΠΗΓΗ ΚΑΤΑΛΟΓΟΓΡΑΦΗΣΗΣ | |
| Φορέας πρωτότυπης καταλογογράφησης | MC Athens Campus Library |
| Γλώσσα καταλογογράφησης | Ελληνικά, Μοντέρνα (1453-) |
| Modifying agency | MC Athens Campus Library |
| Κανόνες περιγραφικής καταλογογράφησης | AACR2 |
| 100 ## - MAIN ENTRY--PERSONAL NAME | |
| Personal name | Crawshaw, Janet |
| 9 (RLIN) | 10318 |
| 245 10 - ΤΙΤΛΟΣ ΚΑΙ ΔΗΛΩΣΗ ΥΠΕΥΘΥΝΟΤΗΤΑΣ | |
| Τίτλος | GCSE intermediate maths / |
| Statement of responsibility, etc. | J. Crawshaw and P. Langley. |
| 260 ## - PUBLICATION, DISTRIBUTION, ETC. | |
| Place of publication, distribution, etc. | Cheltenham : |
| Name of publisher, distributor, etc. | Stanley Thornes, |
| Date of publication, distribution, etc. | 1999. |
| 300 ## - PHYSICAL DESCRIPTION | |
| Extent | 580 p. ; |
| Διαστάσεις | 28 cm. |
| 520 ## - SUMMARY, ETC. | |
| Summary, etc. | This title includes two books in one: a textbook and an in-built staged revision programme. It offers student-friendly revision and summary pages that really work for students. It is developed by widely respected authors. Reinforcing techniques and facts, it presents Maths 'toolbox' approach to solving problems. Support is provided for all traditionally difficult areas, as well as on-page hints and reminders to aid understanding. It also offers exam practice throughout, past questions at the end of every chapter and end-of-stage mixed exam questions to thoroughly prepare students for the exams. |
| 650 #0 - SUBJECT ADDED ENTRY--TOPICAL TERM | |
| Topical term or geographic name entry element | Mathematics |
| 9 (RLIN) | 9905 |
| 700 1# - ΠΡΟΣΘΕΤΗ ΑΝΑΓΡΑΦΗ--ΦΥΣΙΚΟ ΠΡΟΣΩΠΟ | |
| Personal name | Langley, P. |
| Fuller form of name | (Paul) |
| 942 ## - ADDED ENTRY ELEMENTS (KOHA) | |
| Koha item type | Books |
| Τύπος τεκμηρίου | Βιβλιοθήκη | Τρέχουσα τοποθεσία | Τοποθεσία | Barcode | Αριθμός εισαγωγής | Ημερομηνία απόκτησης | Ταξιθετικό σύμβολο | Αριθμός αντιτύπου | Κατάσταση απόσυρσης | Κατάσταση χαμένου | Κατάσταση κατεστραμμένου | Μη δανεισμός | Σύνολο δανεισμών | Ημερομηνία τελευταίας εμφάνισης | Η τιμή ισχύει από |
|---|---|---|---|---|---|---|---|---|---|---|---|---|---|---|---|
| Books | MC Athens Campus Library | MC Athens Campus Library | Παράρτημα Γλυφάδας | 9780000101099 | 8292 | 02/02/2026 | 510 CRA | 1 | 02/02/2026 | 02/02/2026 |